| 000 | 00404nam a22001457a 4500 | ||
|---|---|---|---|
| 020 | _qPB. | ||
| 040 | _cFIZZA ISHAQ | ||
| 082 |
_a629.892 _bCRA |
||
| 100 |
_aCraig ,John J. _959165 |
||
| 245 |
_aIntroduction to Robotics: Mechanics and Control / _cJohn J. Craig. |
||
| 250 | _a3RD ED. | ||
| 260 |
_aNEW DILHI: _b Pearson, _c2009. |
||
| 300 |
_a400 P. ; _c 7.2 x 1.1 x 9.4 inches |
||
| 942 |
_2ddc _cBK |
||
| 999 |
_c615713 _d615713 |
||